Hamburgisches Museum für Kunst und Gewebe (Record no. 5245)

MARC details
000 -CABECERA
campo de control de longitud fija 00775nam a2200217 a 4500
001 - NÚMERO DE CONTROL
campo de control BRCA_5551
005 - FECHA Y HORA DE LA ÚLTIMA TRANSACCIÓN
campo de control 20190320205128.0
008 - DATOS DE LONGITUD FIJA--INFORMACIÓN GENERAL
campo de control de longitud fija 280311s1894----gw-a######---#000-0#ger-#
041 ## - CÓDIGO DE LENGUA
Código de lengua del texto/banda sonora o título independiente ger
044 ## - CÓDIGO DEL PAÍS DE LA ENTIDAD EDITORA/PRODUCTORA
Código MARC del país gw
050 #4 - SIGNATURA TOPOGRÁFICA DE LA BIBLIOTECA DEL CONGRESO
Número de clasificación NK4380
Número de documento/Ítem .B75 1894
100 1# - ENTRADA PRINCIPAL--NOMBRE DE PERSONA
Nombre de persona Brinckman, Justus
9 (RLIN) 14166
245 10 - MENCIÓN DE TÍTULO
Título Hamburgisches Museum für Kunst und Gewebe
Resto del título Beschreibung des europäischen Porzellans un Steingutes mit geschichtlichen Einleitungen
Mención de responsabilidad, etc. Justus Brinckman.
260 ## - PUBLICACIÓN, DISTRIBUCIÓN, ETC.
Lugar de publicación, distribución, etc. Hamburgo
Nombre del editor, distribuidor, etc. Gedruck bei Luteke und Wulff
Fecha de publicación, distribución, etc. 1894
Nombre del editor, distribuidor, etc. il.
Fecha de publicación, distribución, etc. 27 cm.
500 ## - NOTA GENERAL
Nota general Incluye índice de autores e índice de marcas en porcelana
500 ## - NOTA GENERAL
Nota general F27
650 14 - PUNTO DE ACCESO ADICIONAL DE MATERIA--TÉRMINO DE MATERIA
Término de materia o nombre geográfico como elemento de entrada Porcelana europea
Subdivisión general Técnicas y marcas
9 (RLIN) 14167
650 14 - PUNTO DE ACCESO ADICIONAL DE MATERIA--TÉRMINO DE MATERIA
Término de materia o nombre geográfico como elemento de entrada Decoración y ornamentación
Subdivisión geográfica Alemania
9 (RLIN) 14168
902 ## - CATALOGADOR
Iniciales GFM
942 ## - ELEMENTOS DE PUNTO DE ACCESO ADICIONAL (KOHA)
Fuente del sistema de clasificación o colocación Library of Congress Classification
Tipo de ítem Koha Libros
Holdings
Estado de retiro Estado de pérdida Estado dañado No para préstamo Localización permanente Ubicación/localización actual Fecha de adquisición Número de inventario Total de préstamos Signatura topográfica completa Código de barras Fecha visto por última vez Precio válido a partir de Tipo de ítem Koha
El ejemplar forma parte de la colección y puede ser consultado según las políticas vigentes.       Biblioteca del Museo Franz Mayer (Rogerio Casas-Alatriste) Biblioteca del Museo Franz Mayer (Rogerio Casas-Alatriste) 09/02/2011 F27   NK4380 .B75 1894 (F27) 5987 22/03/2019 22/03/2019 Libros